Úvodník

Informácie o zameraní časopisu Finančný manažér - prinášať aktuálne postrehy, skúsenosti, analýzy a vedecké prístupy k problémom, ktoré priamo alebo nepriamo ovplyvňujú rozhodnutia podnikových finančníkov.

Uložené v:
Podrobná bibliografia
Hlavný autor: Klimiková, Mária
Médium: Kapitola
Jazyk:Slovak
Predmet:
Tagy: Pridať tag
Žiadne tagy, Buďte prvý, kto otaguje tento záznam!

MARC

LEADER 00000naa a2200000 4500
001 0135674
005 20240502072524.3
041 0 |a slo 
044 |a SK 
245 1 0 |a Úvodník  |c Mária Klimiková 
520 |a Informácie o zameraní časopisu Finančný manažér - prinášať aktuálne postrehy, skúsenosti, analýzy a vedecké prístupy k problémom, ktoré priamo alebo nepriamo ovplyvňujú rozhodnutia podnikových finančníkov. 
610 2 0 |a riadenie finančné 
610 2 0 |a manažment 
610 2 0 |a financie 
610 2 0 |a banky 
610 2 0 |a firmy 
100 1 |a Klimiková, Mária